000
00341 a2200157 4500
001
59060
020
_a
8570563825
040
_c
Anchieta - Pituba
100
_a
Neves, Margarida de Souza
240
1
0
_a
A ordem é o progresso
_l
por
245
1
0
_a
A ordem é o progresso
300
_a
97
362
0
_a
1991
650
4
_a
Brasil
942
_c
BK
999
_c
59060
_d
59060